[Event "Titled Tuesday intern op 16th Jan Late"]
[Site "Chess.com INT"]
[Date "2024.01.16"]
[Round "4"]
[White "Salman, Ilhan Serhat"]
[Black "Gong, Patrick"]
[Result "0-1"]
[WhiteElo "2092"]
[BlackElo "2300"]
[PlyCount "98"]
[EventDate "2024.01.16"]
[EventType "swiss (blitz)"]
[EventRounds "11"]
[EventCountry "USA"]
[SourceTitle "CB04_2024"]
[SourceDate "2023.10.16"]
[SourceVersion "1"]
[SourceVersionDate "2023.10.16"]
[SourceQuality "1"]

1. d4 Nf6 2. Bg5 d5 3. Bxf6 gxf6 4. e3 c5 5. c4 cxd4 6. Qxd4 e5 7. Qxd5 Qb6 8. Qb5+ Qxb5 9. cxb5 Be6 10. Nc3 Nd7 11. 0-0-0 Bb4 12. Nge2 Rc8 13. a3 Ba5 14. b4 Bb6 15. Kb2 f5 16. Nc1 e4 17. Nb3 Ne5 18. Nd4 Ng4 19. Rd2 Rd8 20. h3 Ne5 21. Be2 Bc4 22. Rhd1 Bd3 23. Bxd3 exd3 24. Kb3 Bxd4 25. exd4 Rxd4 26. Re1 f6 27. f4 Rxf4 28. Nd5 Rd4 29. Nxf6+ Kf7 30. Nxh7 Nc4 31. Ng5+ Kf6 32. Kc3 Nxd2 33. Kxd4 Kxg5 34. Kxd3 Ne4 35. Rc1 Rd8+ 36. Ke3 Ng3 37. Rc7 Re8+ 38. Kf2 Kf4 39. Rc2 Ne4+ 40. Kg1 Kg3 41. Re2 f4 42. a4 Rc8 43. Re1 Rc4 44. Kf1 Rxb4 45. a5 Nc3 46. b6 axb6 47. axb6 Rxb6 48. Rc1 Rb1 49. Rxb1 Nxb1 0-1

[Event "Oceania zt 3.6"]
[Site "Melbourne"]
[Date "2023.01.28"]
[Round "9"]
[White "McGowan, Cameron"]
[Black "Gong, Patrick"]
[Result "0-1"]
[WhiteElo "2175"]
[BlackElo "2292"]
[PlyCount "62"]
[EventDate "2023.01.23"]
[EventType "swiss"]
[EventRounds "9"]
[EventCountry "AUS"]
[SourceTitle "CBM 212 Extra"]
[Source "ChessBase"]
[SourceDate "2023.03.31"]
[SourceVersion "1"]
[SourceVersionDate "2023.03.31"]
[SourceQuality "1"]

1. e4 d6 2. d4 Nf6 3. Nc3 g6 4. Be3 a6 5. f4 Bg7 6. Nf3 e6 7. h3 b5 8. e5 Nd5 9. Nxd5 exd5 10. Bd3 Nc6 11. Qd2 Qe7 12. 0-0-0 Bb7 13. h4 dxe5 14. fxe5 h6 15. h5 g5 16. Nxg5 hxg5 17. Bxg5 Qxg5 18. Qxg5 Bh6 19. Qxh6 Rxh6 20. c3 Ke7 21. g4 Rah8 22. Rdg1 Nd8 23. Bf5 Bc6 24. Kd2 Bd7 25. Bxd7 Kxd7 26. Ke3 Ne6 27. b4 Ke7 28. Kf3 Rg8 29. Kg3 Ng5 30. Rg2 Ne4+ 31. Kh4 Rxh5+ 0-1

[Event "Oceania zt 3.6"]
[Site "Melbourne"]
[Date "2023.01.27"]
[Round "7"]
[White "Bjelobrk, Igor"]
[Black "Gong, Patrick"]
[Result "1-0"]
[WhiteElo "2405"]
[BlackElo "2292"]
[PlyCount "103"]
[EventDate "2023.01.23"]
[EventType "swiss"]
[EventRounds "9"]
[EventCountry "AUS"]
[SourceTitle "CBM 212 Extra"]
[Source "ChessBase"]
[SourceDate "2023.03.31"]
[SourceVersion "1"]
[SourceVersionDate "2023.03.31"]
[SourceQuality "1"]

1. d4 Nf6 2. Nf3 c5 3. d5 d6 4. Nc3 g6 5. e4 Bg7 6. Bb5+ Nfd7 7. a4 0-0 8. 0-0 Na6 9. Re1 Nc7 10. Bd3 b6 11. Bf4 Bb7 12. Bc4 a6 13. Qd3 Ne5 14. Nxe5 dxe5 15. Be3 Ne8 16. Reb1 a5 17. Nb5 Nd6 18. Nxd6 exd6 19. c3 Qc7 20. b4 Rfb8 21. Bb5 Bf6 22. Rb2 Bd8 23. Rab1 Bc8 24. Bc6 Bb7 25. bxc5 dxc5 26. Rxb6 Qxb6 27. Rxb6 Bxb6 28. h4 Bxc6 29. dxc6 c4 30. Qe2 Bxe3 31. Qxe3 Rc8 32. Qc5 Rc7 33. h5 gxh5 34. Qxc4 Rac8 35. Qd5 Rxc6 36. Qxe5 Rc5 37. Qg3+ Kf8 38. Qd6+ Kg8 39. Qf6 R8c6 40. Qd8+ Kg7 41. f3 h6 42. Kh2 Rxc3 43. Qxa5 R3c5 44. Qd8 Rg5 45. Qd4+ Kg8 46. f4 Rg4 47. e5 Rc2 48. Qe4 Rf2 49. e6 Rfxf4 50. Qa8+ Kg7 51. e7 Rxa4 52. Qf8+ 1-0

[Event "Oceania zt 3.6"]
[Site "Melbourne"]
[Date "2023.01.24"]
[Round "3"]
[White "Archer, Ollie"]
[Black "Gong, Patrick"]
[Result "0-1"]
[WhiteElo "1960"]
[BlackElo "2292"]
[PlyCount "144"]
[EventDate "2023.01.23"]
[EventType "swiss"]
[EventRounds "9"]
[EventCountry "AUS"]
[SourceTitle "CBM 212 Extra"]
[Source "ChessBase"]
[SourceDate "2023.03.31"]
[SourceVersion "1"]
[SourceVersionDate "2023.03.31"]
[SourceQuality "1"]

1. d4 Nf6 2. c4 c5 3. d5 d6 4. Nc3 g6 5. Nf3 Bg7 6. e4 0-0 7. Bd3 e6 8. 0-0 Na6 9. h3 Nc7 10. Re1 e5 11. a3 Nfe8 12. b4 b6 13. Bg5 f6 14. Bh4 Na6 15. Rb1 Bd7 16. Nh2 Qc8 17. g4 Bh6 18. Nf1 Rb8 19. b5 Nac7 20. Ne3 Ng7 21. Kh1 Rf7 22. Rg1 Bg5 23. Bg3 h5 24. Bh2 hxg4 25. hxg4 Kf8 26. Qf3 Ke7 27. Rg2 a6 28. a4 Qb7 29. Qh3 Qa8 30. Kg1 Rh8 31. Qf3 Nge8 32. Kf1 Rfh7 33. Bg3 Rh3 34. Qe2 Rh1+ 35. Rg1 axb5 36. axb5 Bxe3 37. Qxe3 Bxg4 38. f4 Qa3 39. fxe5 dxe5 40. Bxe5 fxe5 41. Qg5+ Kf8 42. Qxg4 Qxc3 43. Qf3+ Kg7 44. Rxh1 Rf8 45. Rh7+ Kxh7 46. Qxf8 Qxd3+ 47. Kf2 Qxb1 48. Qf7+ Kh6 49. Qf8+ Kg5 50. Qe7+ Kh6 51. Qf8+ Kh7 52. Qf7+ Ng7 53. Qxc7 Qc2+ 54. Kg1 Qd1+ 55. Kf2 Qd4+ 56. Kf3 Qd3+ 57. Kf2 Qxe4 58. d6 Qf4+ 59. Kg2 e4 60. Qe7 Qd2+ 61. Kh3 Qe3+ 62. Kh2 Qf2+ 63. Kh3 e3 64. d7 e2 65. d8Q e1Q 66. Qxe1 Qxe1 67. Qxb6 Qc3+ 68. Kg2 Qxc4 69. Qc6 Qe2+ 70. Kh3 Qe6+ 71. Qxe6 Nxe6 72. b6 Nd8 0-1

[Event "Perth op"]
[Site "Perth"]
[Date "2023.01.07"]
[Round "8"]
[White "Gong, Patrick"]
[Black "Young, Micah"]
[Result "1-0"]
[WhiteElo "2292"]
[BlackElo "1845"]
[PlyCount "119"]
[EventDate "2023.01.02"]
[EventType "swiss"]
[EventRounds "11"]
[EventCountry "AUS"]
[SourceTitle "CBM 212 Extra"]
[Source "ChessBase"]
[SourceDate "2023.03.31"]
[SourceVersion "1"]
[SourceVersionDate "2023.03.31"]
[SourceQuality "1"]

1. d4 f5 2. Nf3 Nf6 3. Bf4 g6 4. e3 Bg7 5. Bc4 e6 6. Nc3 d6 7. h3 Qe7 8. Bb3 Nbd7 9. Qe2 Nb6 10. e4 fxe4 11. Nxe4 Bd7 12. 0-0-0 0-0-0 13. Rhe1 Rde8 14. Qd2 h6 15. Kb1 Kb8 16. Bh2 g5 17. Nc3 Qf7 18. a4 Nfd5 19. a5 Nxc3+ 20. Qxc3 Nd5 21. Qd2 a6 22. Ng1 Rhf8 23. f3 Nf4 24. g3 Nd5 25. c4 Ne7 26. g4 Ng6 27. Re3 Nf4 28. Bc2 Ka8 29. Bg3 d5 30. Qb4 Bc6 31. Ba4 Qd7 32. Bxc6 Qxc6 33. Bxf4 gxf4 34. Rc3 dxc4 35. Rxc4 Qd6 36. Qxd6 cxd6 37. Rc7 Bf6 38. Rd7 Rd8 39. Rh7 Rh8 40. Rxh8 Rxh8 41. Ne2 e5 42. d5 Bd8 43. b4 Be7 44. Kc2 Kb8 45. Kd3 Kc7 46. Ke4 Rf8 47. Nc3 Kd7 48. Na4 Bd8 49. Rc1 Rg8 50. Rc2 Rf8 51. Rc4 Rg8 52. Kf5 Rg5+ 53. Ke4 Rg8 54. h4 Bxh4 55. Nb6+ Ke7 56. Rc7+ Kf6 57. Rd7 Be1 58. Rxd6+ Kg5 59. Nc4 Bxb4 60. Rb6 1-0

[Event "Perth op"]
[Site "Perth"]
[Date "2023.01.04"]
[Round "4"]
[White "Gong, Patrick"]
[Black "Chinguun, Chinbat"]
[Result "0-1"]
[WhiteElo "2292"]
[BlackElo "1787"]
[PlyCount "152"]
[EventDate "2023.01.02"]
[EventType "swiss"]
[EventRounds "11"]
[EventCountry "AUS"]
[SourceTitle "CBM 212 Extra"]
[Source "ChessBase"]
[SourceDate "2023.03.31"]
[SourceVersion "1"]
[SourceVersionDate "2023.03.31"]
[SourceQuality "1"]

1. Nf3 d5 2. c4 c6 3. b3 Nf6 4. Bb2 Nbd7 5. d4 e6 6. Nc3 b6 7. g3 Bb7 8. Bg2 Bd6 9. 0-0 0-0 10. Rc1 Rc8 11. Qc2 c5 12. cxd5 exd5 13. Rfd1 Re8 14. Qf5 g6 15. Qh3 Bf8 16. dxc5 Nxc5 17. e3 a6 18. Nd4 Nce4 19. Nxe4 Nxe4 20. Qg4 Qe7 21. Qe2 Rxc1 22. Rxc1 Rc8 23. Rxc8 Bxc8 24. Qd3 Bb7 25. Ne2 Bg7 26. Bxg7 Kxg7 27. Qd4+ Qf6 28. Bxe4 dxe4 29. g4 Qxd4 30. exd4 f5 31. g5 Bd5 32. Kg2 Kf8 33. Nc3 Bc6 34. Kg3 Ke7 35. Kf4 Kd6 36. h4 b5 37. Ke3 Bd7 38. Ne2 Be6 39. Nf4 Bf7 40. Kd2 a5 41. Kc2 Be8 42. Kc3 Bf7 43. a3 Kc6 44. Ng2 Bd5 45. Ne3 Kd6 46. Ng2 Bf7 47. b4 a4 48. Nf4 Kc6 49. Kd2 Kd6 50. Ke2 Bc4+ 51. Ke1 Bf7 52. Kf1 Kc6 53. Kg2 Kd6 54. Kh3 Kc6 55. Kg3 Kd6 56. Kg2 Kc6 57. f3 exf3+ 58. Kxf3 Bd5+ 59. Ke3 Bf7 60. Kd3 Bc4+ 61. Kc3 Bf7 62. Nh3 Kd5 63. Kd3 Kd6 64. Nf2 Bc4+ 65. Ke3 Bf1 66. Nd1 Kd5 67. Kf2 Bc4 68. Ke3 f4+ 69. Kxf4 Kxd4 70. Ne3 Bd3 71. Ng4 Kc3 72. Ke3 Bf5 73. Nf6 Kb3 74. Kd4 Kxa3 75. Kc3 Ka2 76. Nd5 Kb1 0-1

[Event "Perth op"]
[Site "Perth"]
[Date "2023.01.02"]
[Round "1"]
[White "Roebuck, Derek"]
[Black "Gong, Patrick"]
[Result "0-1"]
[WhiteElo "1592"]
[BlackElo "2292"]
[PlyCount "64"]
[EventDate "2023.01.02"]
[EventType "swiss"]
[EventRounds "11"]
[EventCountry "AUS"]
[SourceTitle "CBM 212 Extra"]
[Source "ChessBase"]
[SourceDate "2023.03.31"]
[SourceVersion "1"]
[SourceVersionDate "2023.03.31"]
[SourceQuality "1"]

1. e4 d6 2. d4 Nf6 3. Nc3 g6 4. Bg5 Bg7 5. e5 Nfd7 6. exd6 cxd6 7. Qd2 Nf6 8. 0-0-0 a6 9. Bh6 Bxh6 10. Qxh6 Qa5 11. Qd2 b5 12. Ne4 Qxd2+ 13. Nxd2 Nc6 14. c3 Bf5 15. f3 h5 16. Re1 Kd7 17. Ne4 Nd5 18. Kd2 h4 19. Bd3 Nf4 20. Bf1 b4 21. Nh3 bxc3+ 22. bxc3 Nxh3 23. gxh3 Rhb8 24. Ke3 Rb2 25. Bc4 Na5 26. Bxf7 e6 27. Rhg1 Nc4+ 28. Kf4 Rf8 29. Ng5 Ke7 30. Nxe6 Rxf7 31. Ng5+ Kf6 32. Nxf7 Kxf7 0-1

[Event "Titled Tuesday intern op 05th Jul Late"]
[Site "Chess.com INT"]
[Date "2022.07.05"]
[Round "5"]
[White "Bluebaum, Matthias"]
[Black "Gong, Patrick"]
[Result "1-0"]
[WhiteElo "2673"]
[BlackElo "2320"]
[PlyCount "77"]
[EventDate "2022.07.05"]
[EventType "swiss (blitz)"]
[EventRounds "11"]
[EventCountry "USA"]
[SourceTitle "CBM 209 Extra"]
[Source "ChessBase"]
[SourceDate "2022.09.30"]
[SourceVersion "1"]
[SourceVersionDate "2022.09.30"]
[SourceQuality "1"]

1. d4 Nf6 2. c4 c5 3. d5 d6 4. Nc3 g6 5. e4 Bg7 6. h3 0-0 7. Nf3 a6 8. a4 a5 9. Be2 e5 10. g4 Na6 11. Be3 Nb4 12. Nd2 b6 13. h4 Ne8 14. Kf1 f5 15. gxf5 gxf5 16. exf5 Bxf5 17. Nde4 Nf6 18. Bf3 Ra7 19. h5 Nxe4 20. Bxe4 Qd7 21. h6 Bf6 22. Qh5 Bxe4 23. Nxe4 Nc2 24. Rc1 Nxe3+ 25. fxe3 Kh8 26. Ke2 Be7 27. Rhf1 Raa8 28. b3 Qe8 29. Rxf8+ Bxf8 30. Qxe8 Rxe8 31. Rf1 Be7 32. Rf7 Kg8 33. Rg7+ Kh8 34. Kd3 Bf8 35. Rd7 Bxh6 36. Nxd6 e4+ 37. Nxe4 Bg7 38. Nd6 h5 39. Nxe8 1-0

[Event "Titled Tuesday intern op 05th Jul Late"]
[Site "Chess.com INT"]
[Date "2022.07.05"]
[Round "3"]
[White "Gong, Patrick"]
[Black "Drygalov, Andrey"]
[Result "1-0"]
[WhiteElo "2320"]
[BlackElo "2494"]
[PlyCount "83"]
[EventDate "2022.07.05"]
[EventType "swiss (blitz)"]
[EventRounds "11"]
[EventCountry "USA"]
[SourceTitle "CBM 209 Extra"]
[Source "ChessBase"]
[SourceDate "2022.09.30"]
[SourceVersion "1"]
[SourceVersionDate "2022.09.30"]
[SourceQuality "1"]

1. Nf3 d5 2. c4 d4 3. d3 Nc6 4. g3 e5 5. Bg2 Nf6 6. 0-0 Bd6 7. Na3 0-0 8. Nc2 a5 9. e3 Bc5 10. exd4 exd4 11. Re1 h6 12. Ne5 Nxe5 13. Rxe5 Bd6 14. Re1 c5 15. Na3 Bg4 16. Bf3 Qd7 17. Nb5 Bb8 18. Bxg4 Nxg4 19. b3 Ra6 20. Ba3 Rc8 21. Re4 h5 22. Qd2 Rf6 23. Rf1 b6 24. Bc1 Ne5 25. f4 Ng4 26. Qe2 h4 27. f5 Ne3 28. Bxe3 dxe3 29. g4 g6 30. Qxe3 Rxf5 31. gxf5 gxf5 32. Qg5+ Kf8 33. Rxh4 Be5 34. Qxf5 Qxf5 35. Rxf5 Re8 36. Re4 f6 37. Kg2 Kg7 38. Nc7 Rg8 39. Nd5 b5 40. Rg4+ Kf7 41. Rxg8 Kxg8 42. Nxf6+ 1-0

[Event "Titled Tuesday intern op 05th Jul Late"]
[Site "Chess.com INT"]
[Date "2022.07.05"]
[Round "4"]
[White "Gong, Patrick"]
[Black "Sjugirov, Sanan"]
[Result "0-1"]
[WhiteElo "2320"]
[BlackElo "2696"]
[PlyCount "90"]
[EventDate "2022.07.05"]
[EventType "swiss (blitz)"]
[EventRounds "11"]
[EventCountry "USA"]
[SourceTitle "CBM 209 Extra"]
[Source "ChessBase"]
[SourceDate "2022.09.30"]
[SourceVersion "1"]
[SourceVersionDate "2022.09.30"]
[SourceQuality "1"]

1. Nf3 d5 2. c4 e6 3. g3 Nf6 4. Bg2 dxc4 5. Qa4+ Bd7 6. Qxc4 c5 7. Ne5 Qc8 8. d3 Nc6 9. Nxd7 Qxd7 10. 0-0 Rc8 11. Nc3 Be7 12. a3 0-0 13. Be3 Nd4 14. Rac1 Rfd8 15. Rfe1 b5 16. Qa2 Nf5 17. Bg5 h6 18. Bxf6 Bxf6 19. a4 b4 20. Ne4 Be7 21. Rc4 Nd4 22. e3 Nf5 23. Rd1 a5 24. b3 Nd6 25. Nxd6 Bxd6 26. Qc2 e5 27. Qe2 Bf8 28. Qh5 Qe7 29. Rg4 Rd6 30. Rc4 Rcd8 31. Qe2 R6d7 32. Bh3 Ra7 33. Bg2 g6 34. g4 Qe6 35. h3 Rad7 36. Rd2 Kg7 37. Rd1 Be7 38. Rd2 Rh8 39. Rd1 h5 40. Rd2 hxg4 41. Qxg4 f5 42. Qf3 Rhd8 43. Rdc2 Rxd3 44. Qc6 Qxc6 45. Bxc6 Rxb3 0-1

[Event "Titled Tuesday intern op 07th Jun Early"]
[Site "Chess.com INT"]
[Date "2022.06.07"]
[Round "6"]
[White "Gong, Patrick"]
[Black "Molina, Roberto Junio Brito"]
[Result "1-0"]
[WhiteElo "2315"]
[BlackElo "2400"]
[PlyCount "75"]
[EventDate "2022.06.07"]
[EventType "swiss (blitz)"]
[EventRounds "11"]
[EventCountry "USA"]
[SourceTitle "CBM 208 Extra"]
[Source "ChessBase"]
[SourceDate "2022.07.31"]
[SourceVersion "1"]
[SourceVersionDate "2022.07.31"]
[SourceQuality "1"]

1. g3 d5 2. Bg2 c6 3. d3 Bg4 4. h3 Bh5 5. Nd2 Nd7 6. c4 e6 7. Ngf3 Bc5 8. d4 Be7 9. e4 dxe4 10. Nxe4 Ngf6 11. Nc3 0-0 12. 0-0 Bd6 13. Re1 Re8 14. g4 Bg6 15. Ne5 Qc7 16. Qe2 a6 17. Bg5 c5 18. Nxd7 Nxd7 19. d5 e5 20. h4 f6 21. Bd2 Nf8 22. h5 Bf7 23. Be4 Re7 24. Qd3 Be8 25. b3 Bd7 26. Bf5 Rae8 27. Ne4 Rf7 28. Qh3 g6 29. Bxd7 Qxd7 30. Kg2 f5 31. hxg6 hxg6 32. Rh1 Nh7 33. Qxh7+ Rxh7 34. Nf6+ Kh8 35. Nxd7 Rxh1 36. Rxh1+ Kg7 37. g5 e4 38. Bc3+ 1-0

[Event "Titled Tuesday intern op 07th Jun Early"]
[Site "Chess.com INT"]
[Date "2022.06.07"]
[Round "11"]
[White "Pakleza, Zbigniew"]
[Black "Gong, Patrick"]
[Result "1-0"]
[WhiteElo "2499"]
[BlackElo "2315"]
[PlyCount "40"]
[EventDate "2022.06.07"]
[EventType "swiss (blitz)"]
[EventRounds "11"]
[EventCountry "USA"]
[SourceTitle "CBM 208 Extra"]
[Source "ChessBase"]
[SourceDate "2022.07.31"]
[SourceVersion "1"]
[SourceVersionDate "2022.07.31"]
[SourceQuality "1"]

1. d4 Nf6 2. Nf3 c5 3. c3 d5 4. Bf4 e6 5. e3 Bd6 6. Bg3 0-0 7. Nbd2 Qc7 8. Ne5 Nbd7 9. f4 b6 10. Bd3 Bb7 11. Qf3 a5 12. a4 Ba6 13. Bxa6 Rxa6 14. 0-0 Raa8 15. h3 Rab8 16. Qe2 Ne4 17. Nxe4 dxe4 18. Nc4 f5 19. Bh4 Rfc8 20. Na3 Be7 1-0

[Event "Titled Tuesday intern op 07th Jun Early"]
[Site "Chess.com INT"]
[Date "2022.06.07"]
[Round "3"]
[White "Paravyan, David"]
[Black "Gong, Patrick"]
[Result "1-0"]
[WhiteElo "2620"]
[BlackElo "2315"]
[PlyCount "71"]
[EventDate "2022.06.07"]
[EventType "swiss (blitz)"]
[EventRounds "11"]
[EventCountry "USA"]
[SourceTitle "CBM 208 Extra"]
[Source "ChessBase"]
[SourceDate "2022.07.31"]
[SourceVersion "1"]
[SourceVersionDate "2022.07.31"]
[SourceQuality "1"]

1. e4 d6 2. d4 Nf6 3. Nc3 g6 4. Nf3 Bg7 5. Bg5 h6 6. Be3 a6 7. Qd2 b5 8. Bd3 Bb7 9. a3 Nbd7 10. e5 Ng4 11. e6 Ndf6 12. exf7+ Kxf7 13. Nh4 g5 14. Bg6+ Kg8 15. Nf5 e6 16. Nxg7 Kxg7 17. Bd3 e5 18. 0-0-0 Nxe3 19. fxe3 Qe7 20. h4 g4 21. Bf5 Rhe8 22. Rhe1 c5 23. dxc5 dxc5 24. Ne2 Rad8 25. Qa5 Bxg2 26. Ng3 Rxd1+ 27. Rxd1 Bf3 28. Rd2 e4 29. Bd7 Qe5 30. Nf5+ Kh8 31. Bxe8 Qxf5 32. Qd8 Ng8 33. Rd7 g3 34. Bf7 Qg4 35. Bxg8 Qxg8 36. Qf6+ 1-0

[Event "Titled Tuesday intern op 31st May Early"]
[Site "Chess.com INT"]
[Date "2022.05.31"]
[Round "11"]
[White "Gong, Patrick"]
[Black "Chigaev, Maksim"]
[Result "1-0"]
[WhiteElo "2312"]
[BlackElo "2631"]
[PlyCount "77"]
[EventDate "2022.05.31"]
[EventType "swiss (blitz)"]
[EventRounds "11"]
[EventCountry "USA"]
[SourceTitle "CBM 208 Extra"]
[Source "ChessBase"]
[SourceDate "2022.07.31"]
[SourceVersion "1"]
[SourceVersionDate "2022.07.31"]
[SourceQuality "1"]

1. e4 c6 2. d4 d5 3. exd5 cxd5 4. Bd3 Nc6 5. c3 Nf6 6. Bf4 Bg4 7. Qb3 Qc8 8. Nd2 e6 9. Ngf3 Bxf3 10. Nxf3 Be7 11. 0-0 0-0 12. Ne5 a6 13. Rae1 Nxe5 14. Bxe5 Qd7 15. Qc2 g6 16. Qe2 Rfc8 17. Qf3 Qd8 18. h4 h5 19. Qf4 Nd7 20. Bxg6 fxg6 21. Qh6 Nxe5 22. Rxe5 Kf7 23. Qh7+ Kf6 24. Rfe1 Qg8 25. Rxe6+ Qxe6 26. Rxe6+ Kxe6 27. Qxg6+ Bf6 28. Qxh5 Rg8 29. g4 Raf8 30. g5 Be7 31. Qg4+ Kd6 32. f4 Kc6 33. f5 Rg7 34. g6 Bf6 35. h5 Rh8 36. c4 dxc4 37. Qe4+ Kc7 38. h6 Rxh6 39. Qf4+ 1-0

[Event "Titled Tuesday intern op 31st May Early"]
[Site "Chess.com INT"]
[Date "2022.05.31"]
[Round "10"]
[White "Gracia Alvarez, Gerardo Antonio"]
[Black "Gong, Patrick"]
[Result "0-1"]
[WhiteElo "2237"]
[BlackElo "2312"]
[PlyCount "56"]
[EventDate "2022.05.31"]
[EventType "swiss (blitz)"]
[EventRounds "11"]
[EventCountry "USA"]
[SourceTitle "CBM 208 Extra"]
[Source "ChessBase"]
[SourceDate "2022.07.31"]
[SourceVersion "1"]
[SourceVersionDate "2022.07.31"]
[SourceQuality "1"]

1. e4 d6 2. d4 Nf6 3. Nc3 g6 4. Bg5 Bg7 5. Qd2 h6 6. Be3 a6 7. a4 Nc6 8. h3 e5 9. d5 Ne7 10. Nf3 Bd7 11. Bd3 c6 12. dxc6 Bxc6 13. 0-0 Rc8 14. Rfd1 Qc7 15. a5 d5 16. Bb6 Qb8 17. exd5 Nfxd5 18. Nxd5 Nxd5 19. Bc5 Nf4 20. Qxf4 exf4 21. Re1+ Kd8 22. Bb6+ Rc7 23. Ne5 Kc8 24. Nc4 Rd7 25. Bc5 Qc7 26. Nb6+ Kb8 27. Nxd7+ Qxd7 28. Rad1 Qd5 0-1

[Event "Titled Tuesday intern op 31st May Early"]
[Site "Chess.com INT"]
[Date "2022.05.31"]
[Round "2"]
[White "Indjic, Aleksandar"]
[Black "Gong, Patrick"]
[Result "0-1"]
[WhiteElo "2621"]
[BlackElo "2312"]
[PlyCount "114"]
[EventDate "2022.05.31"]
[EventType "swiss (blitz)"]
[EventRounds "11"]
[EventCountry "USA"]
[SourceTitle "CBM 208 Extra"]
[Source "ChessBase"]
[SourceDate "2022.07.31"]
[SourceVersion "1"]
[SourceVersionDate "2022.07.31"]
[SourceQuality "1"]

1. c4 g6 2. d4 Bg7 3. e4 c5 4. d5 d6 5. Nc3 Nf6 6. Bd3 0-0 7. Nf3 a6 8. a4 Bg4 9. h3 Bxf3 10. Qxf3 Nbd7 11. Be2 e6 12. Qg3 exd5 13. exd5 Re8 14. 0-0 Ne4 15. Nxe4 Rxe4 16. Bd3 Be5 17. f4 Bd4+ 18. Kh1 Re8 19. f5 Ne5 20. fxg6 hxg6 21. Bg5 Qd7 22. Be2 f5 23. Bd2 Qg7 24. Rab1 a5 25. b3 b6 26. Rbe1 Nf7 27. Bd3 Be5 28. Qh4 Ra7 29. g4 g5 30. Qh5 f4 31. Qg6 Qxg6 32. Bxg6 Rae7 33. Kg2 Kg7 34. Bxf7 Kxf7 35. Kf3 Rh8 36. Rh1 Kg6 37. Re4 Reh7 38. Kg2 f3+ 39. Kf2 Rxh3 40. Rxh3 Rxh3 41. Be3 Rh2+ 42. Kxf3 Rb2 43. Bc1 Rxb3+ 44. Ke2 Rb1 45. Bd2 Ra1 46. Kd3 Ra3+ 47. Kc2 Rxa4 48. Kb3 Ra1 49. Bc3 Bxc3 50. Kxc3 Rf1 51. Re6+ Rf6 52. Re7 Rf3+ 53. Kb2 Rf4 54. Re6+ Kf7 55. Rxd6 Rxc4 56. Rxb6 Rb4+ 57. Rxb4 cxb4 0-1

[Event "Titled Tuesday intern op 31st May Early"]
[Site "Chess.com INT"]
[Date "2022.05.31"]
[Round "5"]
[White "Makarian, Rudik"]
[Black "Gong, Patrick"]
[Result "1-0"]
[WhiteElo "2523"]
[BlackElo "2312"]
[PlyCount "67"]
[EventDate "2022.05.31"]
[EventType "swiss (blitz)"]
[EventRounds "11"]
[EventCountry "USA"]
[SourceTitle "CBM 208 Extra"]
[Source "ChessBase"]
[SourceDate "2022.07.31"]
[SourceVersion "1"]
[SourceVersionDate "2022.07.31"]
[SourceQuality "1"]

1. d3 g6 2. g3 Bg7 3. Bg2 c5 4. f4 Nc6 5. Nf3 e6 6. 0-0 Nge7 7. e4 d5 8. c3 dxe4 9. dxe4 Qxd1 10. Rxd1 b6 11. Na3 Ba6 12. Bf1 Bxf1 13. Kxf1 Rd8 14. Be3 f5 15. e5 Nd5 16. Ke2 a6 17. Nc4 Ke7 18. Nxb6 Nxe3 19. Kxe3 h6 20. b3 g5 21. Na4 c4 22. Nc5 g4 23. Nd4 Nxd4 24. Rxd4 Rxd4 25. cxd4 c3 26. Rc1 h5 27. Rxc3 h4 28. Nxa6 Ra8 29. Rc7+ Kf8 30. Rc6 Kf7 31. b4 h3 32. b5 Bf8 33. a4 Bb4 34. Rc7+ 1-0

[Event "Titled Tuesday intern op 24th May Late"]
[Site "Chess.com INT"]
[Date "2022.05.24"]
[Round "7"]
[White "Drygalov, Sergey"]
[Black "Gong, Patrick"]
[Result "1-0"]
[WhiteElo "2546"]
[BlackElo "2312"]
[PlyCount "95"]
[EventDate "2022.05.24"]
[EventType "swiss (blitz)"]
[EventRounds "11"]
[EventCountry "USA"]
[SourceTitle "EXT 2023"]
[Source "ChessBase"]
[SourceDate "2022.10.05"]
[SourceVersion "1"]
[SourceVersionDate "2022.10.05"]
[SourceQuality "1"]

1. d4 Nf6 2. c4 c5 3. d5 d6 4. Nc3 g6 5. e4 Bg7 6. h3 0-0 7. Nf3 a6 8. Bd3 b5 9. cxb5 axb5 10. Nxb5 Na6 11. Bd2 Qb6 12. a4 Bd7 13. 0-0 Rfb8 14. Qe2 Nc7 15. a5 Qb7 16. Nxc7 Qxc7 17. Bc3 Nh5 18. Bxg7 Kxg7 19. Qd2 Rb4 20. Qc3+ Kg8 21. a6 Qb6 22. Nd2 Nf4 23. Nc4 Qb8 24. Rfd1 Nxd3 25. Rxd3 Bb5 26. b3 Rxa6 27. Rxa6 Bxa6 28. Re3 f6 29. Nd2 Qb5 30. Qa1 Rd4 31. Nc4 Qb7 32. Na5 Qb5 33. Nc6 Rd3 34. Rxd3 Qxd3 35. Nxe7+ Kf7 36. Nc6 g5 37. Kh2 Qxe4 38. Qxa6 Qf4+ 39. Kg1 Qc1+ 40. Qf1 Qd2 41. Qc4 Qe1+ 42. Kh2 Qxf2 43. Qe4 Kg7 44. Nd8 h5 45. Ne6+ Kh6 46. Nf8 Kg7 47. Qe7+ Kg8 48. Ne6 1-0

[Event "Titled Tuesday intern op 24th May Late"]
[Site "Chess.com INT"]
[Date "2022.05.24"]
[Round "2"]
[White "Gong, Patrick"]
[Black "Bas Mas, Jose Joaquin"]
[Result "1-0"]
[WhiteElo "2312"]
[BlackElo "2239"]
[PlyCount "147"]
[EventDate "2022.05.24"]
[EventType "swiss (blitz)"]
[EventRounds "11"]
[EventCountry "USA"]
[SourceTitle "EXT 2023"]
[Source "ChessBase"]
[SourceDate "2022.10.05"]
[SourceVersion "1"]
[SourceVersionDate "2022.10.05"]
[SourceQuality "1"]

1. e4 c5 2. c3 d5 3. exd5 Qxd5 4. d4 Nf6 5. Nf3 e6 6. Bd3 Nc6 7. 0-0 Be7 8. dxc5 a5 9. Qe2 0-0 10. Bg5 Qxc5 11. Nbd2 h6 12. Be3 Qh5 13. Ne4 Nxe4 14. Bxe4 Bd7 15. Rfd1 Rfd8 16. h3 f5 17. Bc2 Be8 18. Bb6 Rxd1+ 19. Rxd1 Qg6 20. Bb3 Bf7 21. Rd7 a4 22. Bc4 e5 23. Bxf7+ Qxf7 24. Nxe5 Qe6 25. Qc4 Qxc4 26. Nxc4 Bf6 27. a3 Re8 28. Kf1 Re4 29. Nd6 Re5 30. Nxb7 Rb5 31. Be3 Rxb2 32. Nc5 Rb1+ 33. Ke2 Rb2+ 34. Kd1 Ne5 35. Rb7 Ra2 36. Nxa4 Rxa3 37. Nc5 Nc4 38. Bd4 Bxd4 39. cxd4 Ra1+ 40. Ke2 Ra2+ 41. Kf3 g5 42. Ne6 Nd6 43. Rd7 Ne4 44. Ke3 Ra3+ 45. Ke2 Ra2+ 46. Kd1 Rxf2 47. Kc1 Rxg2 48. d5 Rg1+ 49. Kc2 Rg2+ 50. Kb3 Rd2 51. Kc4 f4 52. Nd4 Rd1 53. Re7 Nf6 54. Re6 Kf7 55. Ra6 f3 56. Ra7+ Kg6 57. Nxf3 Nxd5 58. Ra6+ Kf5 59. Nd4+ Ke4 60. Re6+ Kf4 61. Kxd5 Kg3 62. Rxh6 Rh1 63. Ne2+ Kf3 64. Nd4+ Kg3 65. Nf5+ Kf4 66. Ke6 Re1+ 67. Kf6 g4 68. Rh4 Rg1 69. Nh6 Kg3 70. Rxg4+ Kh2 71. Rxg1 Kxg1 72. h4 Kf2 73. h5 Ke3 74. Nf5+ 1-0